000 00780cam a2200205 a 4500
001 14464050
005 20250128172845.0
008 060724m20039999sa a 000 0 eng d
020 _a0620315105
050 0 0 _aKQC893
_b.S33 2003
245 0 0 _aSADC media law :
_ba handbook for media practitioners.
260 _aJohannesburg, South Africa :
_bKonrad-Adenauer-Stiftung, Media Programme,
_cc2003-<c2005 >
300 _av. <1-3> :
_bill. ;
_c21 cm.
500 _a"The authors are as follows, Khahliso Mochaba, Carla Raffinetti, Sheetal Vallabh, Justine White"--P. xi.
650 0 _aPress law
_zAfrica, Southern.
650 0 _aFreedom of the press
_zAfrica, Southern.
700 1 _aMochaba, Khahliso.
710 2 _aKonrad-Adenauer-Stiftung.
_bMedia Programme.
942 _2lcc
_cBK
_n0
999 _c3171
_d3171